| 000 | 00677nam a22002057a 4500 | ||
|---|---|---|---|
| 005 | 20250113100006.0 | ||
| 010 | _aENG-143317 | ||
| 020 |
_a9788181912961 _c575.00 |
||
| 035 | _aEN-126849 | ||
| 037 | _bDelivery of Book Act Division | ||
| 082 | _a615.9003 | ||
| 245 |
_aTextbook of Forensic Medicine and Toxicology/ _cEdited by V V Pillay |
||
| 250 | _a15 | ||
| 260 |
_aNew Delhi _bParas Medical Publishers; _c2010 |
||
| 270 |
_a 2/25, Grd Flr, Arun House, Ansari Rd, Darya Ganj, _bNew Delhi _e110002 |
||
| 300 |
_a680p. _c24cm.(pb) _bill. |
||
| 650 |
_aPharmacology _976394 |
||
| 700 |
_aPillay, V V _eEditor _976395 |
||
| 942 |
_2ddc _cEN _h615.9003 _mTEX |
||
| 999 |
_c208391 _d208391 |
||